Statistieken voor Dominica Trivia Quiz

Klik hier om de quiz te nemen!

Algemene statistieken

  • Deze quiz is 169 keer genomen
  • De gemiddelde score is 10 van 14

Antwoordstatistieken

HintAntwoord% Correct
Zee waar Dominica in ligtCaribische zee
98%
Officiële taalEngels
97%
Eilandketen waar Dominica deel van isKleine {Antillen}
95%
Frans overzees departement net ten zuiden van DominicaMartinique
82%
HoofdstadRoseau
81%
Frans overzees departement net ten noorden van DominicaGuadeloupe
77%
Fruit dat goed is voor meer dan 39% van de totale exportBanaan
76%
Dominica en Nicaragua zijn de enige landen die deze kleur op hun vlag hebbenPaars
75%
16% van de overheidsinkomsten komt van de verkoop van ___ aan rijke particulieren{Burger}schap
60%
Het eiland is verdeeld in 10 van deze administratieve afdelingenParishes
59%
Nationale vogel, die ook op de vlag te zien isSisseroupapegaai
54%
Aanzienlijke populaties van deze walvis kunnen voor de kust van Dominica worden aangetroffen{Pot}vis
53%
Dominica's Boiling Lake is de op een na grootste ____ ter wereldWarmwaterbron
48%
Dominica is het ____ eiland van die ketenJongste
33%

Scoreverdeling

Percentiel versus Aantal Correcte Antwoorden

Procent van Mensen met Elke Score

Uw Scoregeschiedenis

U heeft deze quiz nog niet genomen